Northwestern Africa /

Збережено в:
Бібліографічні деталі
Автор: Chamberlin, Wellman (autor)
Інші автори: Grosvenor, Melville Bell (edición) (edición)
Формат: Карта
Опубліковано: Washington, EUA : National Geographic Society, 1966, c1966
Предмети:
Теги: Додати тег
Немає тегів, Будьте першим, хто поставить тег для цього запису!

MARC

LEADER 00000nem^a2200000^a^4500
001 000131831
005 20250521000000.0
009 20260310095037.248
037 |a Acervo ITESO - Biblioteca 
041 |a GRA 
082 |a 912. 60  |b CHA 
100 |a Chamberlin, Wellman  |e (autor) 
245 1 0 |a Northwestern Africa /  |c W. Chamberlin ; ed. de M.B. Grosvenor. 
255 |c (O17º32'-E30º/N37º20'-S5º) 
255 |a Escala 1 : 7 920 000 
264 4 |a Washington, EUA :  |b National Geographic Society,  |c 1966, c1966 
300 |a 1 mapa 
336 |a imagen cartográfica estática  |b cri  |2 rdacontenido 
337 |a sin mediación  |b n  |2 rdamedio 
338 |a mapa  |b nz  |2 rdasoporte 
546 |a Edición gráfica con texto en inglés 
649 |a XX 
650 |a División Política y Administrativa -  |z Africa -  |x Mapas 
650 |a Africa -  |x Mapas 
650 |a Cartografía -  |z Africa 
650 |a Geografía -  |z Africa 
700 |a Grosvenor, Melville Bell  |e (edición) 
910 |a Fondo General 
920 |a Gráficos - Mapas 
905 |a 503 
901 |a 0500061116  |b IT2  |c MAP  |u 20250521 
902 |a https://opac.biblio.iteso.mx/vufind/Record/000131831